Statistiques concernant Films à succès de 2023 par leur résumé

Cliquez ici pour prendre le quiz!

Statistiques générales

  • Ce quiz a été pris 54 fois
  • Le résultat moyen est 19 sur 50

Statistiques - réponses

RésuméEntréesFilm% Correct
Suite à un souci de plomberie à New York, deux types à salopette se retrouvent dans un monde magique.7,4 millionsSuper Mario Bros, le film
95%
Une femme découvre notre monde avec un "ami" et remarque que tout n'est pas rose.6 millionsBarbie
77%
Un fabricant de chocolat fait face à un cartel qui l'empêche de monter sa boutique en ville.3,7 millionsWonka
74%
Imagine t'as une flaque d'eau qui tombe amoureux d'une flamme brûlante. Non j'déconne. Mais imagine quand même.3,3 millionsÉlémentaire
72%
Un mec communiste prend le risque de cramer la planète entière.4,5 millionsOppenheimer
72%
Hé, t'as vu, y a Tom Cruise qui saute d'une falaise à moto. Il l'a vraiment fait en plus.2,6 millionsMission: Impossible - Dead Reckoning Partie 1
70%
C'est l'histoire de trois mecs, en fait ils étaient quatre.3,4 millionsLes Trois Mousquetaires : D'Artagnan
60%
Tu te souviens de l'histoire de trois mecs où en fait ils étaient quatre ? Bah c'est la suite.2,6 millionsLes Trois Mousquetaires : Milady
60%
En fait ce mec, il dirige la France, il gagne des batailles et en fait sans sa femme il est pas grand chose en fait.1,7 millionNapoléon
60%
Une femme fait tomber son mari d'un balcon. Est-elle coupable ? Est-elle innocente ? Est-ce que le chien a vu des trucs ?1,9 millionAnatomie d'une chute
58%
Une créature chanteuse sous l'océan veut savoir si l'eau est plus bleue au-dessus de la surface.1,8 millionLa Petite Sirène
56%
T'as des robots qui se transforment en bagnoles et t'as d'autres robots qui se transforment en animaux.1,1 millionTransformers : Rise of the Beasts
56%
Y a ce type qui sait parler aux poissons, bah il en a marre d'être roi et y a un ancien ennemi à lui qui veut se venger.2,1 millionsAquaman et le Royaume perdu
53%
Tu vois ce mec qui peut rapetisser et s'agrandir ? Bah à un moment il rapetisse tellement qu'il découvre un nouveau monde.1,6 millionAnt-Man et la Guêpe : Quantumania
49%
Ca raconte l'histoire de plusieurs types à Hollywood qui voient le début du cinéma parlant. Ça a le même nom que des jardins connus.1,5 millionBabylon
49%
Un riche boxeur rend service à un vieux pote d'enfance, c'était peut-être pas une bonne idée.2,4 millionsCreed III
49%
Dans l'espace, personne ne vous entendra rire, pleurer, ou écouter des bangers sur un walkman.3,6 millionsLes Gardiens de la Galaxie Vol. 3
49%
Un dieu de la route, aidé par le pouvoir de la famille, fait du Rocket League dans les rues de Rome avec une bombe roulante.2,4 millionsFast & Furious X
47%
Il y a bien longtemps, des français débarquent en Chine en même temps que des italiens.4,6 millionsAstérix & Obélix : L'Empire du Milieu
42%
C'est l'histoire d'un mec qui réinvente le Battle Royale dans une dystopie.1,8 millionHunger Games : La ballade du serpent et de l'oiseau chanteur
40%
Un mec à chapeau trop vieux pour ces bêtises se fait embarquer dans une dernière bêtise à travers le temps.3 millionsIndiana Jones et le Cadran de la Destinée
40%
Y a des gens en France qui se mettent à muter et se transformer en animaux.1,2 millionLe règne animal
40%
L'histoire d'un gamer talentueux qui apprend que conduire dans la vraie vie c'est hyper dangereux en fait, mais il gère quand même.1,2 millionGran Turismo
35%
Un type en a marre de se faire poursuivre par des tueurs : il voulait juste se venger du mec qui a buté son chien à la base.1,1 millionJohn Wick : Chapitre 4
35%
L'histoire de Leonardo DiCaprio qui débarque dans une tribu indigène installée sur un gros puits de pétrole. Bizarrement y a des meurtres.1,3 millionKillers of the Flower Moon
35%
C'est une fille qui vit à Paris et qui s'appelle Marinette, apparemment elle est comme les autres. Mais en fait non.1,6 millionMiraculous, le film
35%
Des criminels essaient de demander pardon à leurs victimes en leur parlant en face à face. C'est pas facile.1,2 millionJe verrai toujours vos visages
33%
Y a un gamin, il perd sa mère dans un incendie, et il rencontre un grand oiseau qui parle pour l'aider à faire son deuil. Apparemment ça fait chialer.1,6 millionLe garçon et le héron
33%
Un type avec des super-pouvoirs découvre qu'il y en a des milliers comme lui et il est pas trop d'accord avec leurs méthodes.1,9 millionSpider-Man : Across the Spider-Verse
33%
Steven Spielberg raconte son enfance au travers d'une famille qui ne porte pas son nom.950 000The Fabelmans
33%
C'est l'histoire d'Omar Sy, durant la première guerre mondiale, qui fait comme dans l'infanterie et qui se...1,2 millionTirailleurs
30%
Une jeune femme découvre en chanson le fonctionnement de la banque des vœux et découvre un système horrible.2,8 millionsWish : Asha et la Bonne étoile
30%
C'est 4 types qui font du jeu de rôle et ça donne un film vraiment cool.1,2 millionDonjons & Dragons : L'honneur des voleurs
23%
C'est des petites créatures qui adorent la musique, c'est le troisième épisode et cette fois ils font un boys band.1,5 millionLes Trolls 3
23%
T'as une famille de colverts qui partent en vacances, sauf qu'ils l'ont jamais fait avant.1,8 millionMigration
23%
Un type assume pas ses parents et veut cacher la vérité à sa femme, ça tourne mal.4,3 millionsAlibi.com 2
21%
Des kidnappeurs donnent 3 jours à un mec pour secourir sa grand-mère sinon ils la butent. Et ils bluffent pas.1,9 million3 jours max
19%
Y a des types qui vont au fond de l'océan et vont aller réveiller des monstres préhistoriques qui bouffent tout le monde.1,8 millionEn eaux très troubles
19%
Y a un mec qui met un masque qui fait très peur et qui met le boxon à New York.1,2 millionScream VI
19%
Pour son troisième film, un mec est à la retraite en Italie. La mafia finit par l'embêter. Ils auraient pas dû.900 000Equalizer 3
16%
T'as trois femmes, qui se connaissent ni d'Ève ni d'Adam et pourtant qui sont liées à jamais par le même destin. Ca fait bien chialer aussi apparemment.1,3 millionLa tresse
16%
T'as des teubés qui vont à la montagne.1,4 millionLes SEGPA au ski
16%
Deux types fauchés rencontrent une militante écolo tout aussi fauchée. C'est par les mêmes mecs qui ont fait Intouchables (oui oui).900 000Une année difficile
12%
T'as des parisiens qui s'installent à la campagne, sauf que y a des chasseurs qui veulent tuer leurs bébêtes tranquille.1,9 millionChasse gardée
9%
L'histoire d'un petit village de campagne qui essaie de pas mourir à petit feu. Ca a le même nom qu'une célèbre vidéo du Palmashow.950 000Les petites victoires
9%
Jean Dujardin fait de la randonnée alors qu'il peut à peine tenir debout suite à un accident.1,1 millionSur les chemins noirs
9%
Une meuf moche à capuche fait peur à d'autres meufs à capuche.1,2 millionLa Nonne : La Malédiction de Sainte-Lucie
7%
Tu prends des animaux, tu les mets dans des bagnoles et en plus tu leur donnes des super pouvoirs. Oui oui.2,3 millionsLa Pat' Patrouille : La Super Patrouille, le film
7%
Une journaliste de foot doit couvrir la campagne électorale du président, et va découvrir un complot de fou furieux.1 millionSecond tour
7%
Une actrice a du mal à percer et se fait accuser d'un meurtre qu'elle n'aurait pas commis. Une avocate la défend et en fait un symbole.1,1 millionMon crime
5%

Distribution des résultats

Percentile par nombre de réponses

% des personnes avec chaque résultat

Votre développement - résultats

Vous n’avez pas pris ce quiz